Geography Quiz

Random Geography or State Quiz

Landlocked US States (Clickable) Quiz Stats

Quiz Updated Jan 15, 2013

Challenge
Share
Tweet
Embed
Score 0/20 Timer 03:00
3 Plays Today
% Correct
Kansas
91.1%
Colorado
91.1%
Kentucky
88.2%
Idaho
87.9%
Nebraska
87.8%
Iowa
86.9%
Nevada
86%
Montana
84.3%
Oklahoma
83.8%
Arkansas
82.6%
% Correct
South Dakota
81.3%
North Dakota
80.7%
Missouri
79.7%
Utah
76.7%
Tennessee
75.6%
Arizona
70.7%
New Mexico
68.6%
Wyoming
65.9%
West Virginia
63.9%
Vermont
46.4%

You're not logged in!

Compare scores with friends on all Sporcle quizzes.
Join for Free
OR
Log In

You Might Also Like...

Show Comments

Extras

Top Quizzes Today


Score Distribution

Your Account Isn't Verified!

In order to create a playlist on Sporcle, you need to verify the email address you used during registration. Go to your Sporcle Settings to finish the process.

Report this User

Report this user for behavior that violates our Community Guidelines.

Details: